Loading...

Communication in our Lives

Bibliographic Details
Main Author: Julia T.Wood
Format: Printed Book
Published: Thomsons Wadsworth, Australia 2006
LEADER 00326nam a2200109 4500
082
100 |a Julia T.Wood 
245 |a Communication in our Lives  |c Julia T.Wood 
260 |a Thomsons Wadsworth, Australia  |c 2006 
942 |c BK 
999 |c 198084  |d 198084 
952 |0 0  |1 0  |4 0  |7 0  |9 211433  |a DCI  |b DCI  |d 2019-10-29  |l 0  |p DCI4816  |r 2019-10-29  |w 2019-10-29  |y BK